000 00484nmm a2200169Ia 4500
008 251105s9999||||xx |||||||||||||||||und||
020 _a8470308947
041 _aspa
100 _aCaro Gabalda, Isabel
245 0 _aGénero y salud mental
264 _a[Madrid, España] :
_bBiblioteca Nueva,
_c2001
300 _a301 páginas
490 _aPsicología Universidad
650 _aGender and Women Studies
856 _uhttps://public.digitaliapublishing.com/a/4759
942 _cCF
999 _c73221
_d73221